Регионална библиотека "Любен Каравелов" - Русе

Баленсиага (Запис номер 509768)

MARC детайли
000 -Лидер
Лидер 01313nam a2200373 a 4500
003 - Код на организацията, давaща контролен номер
Код на организацията, даваща контролен номер BLK
005 - Дата и час на последна редакция
Дата и час на последна редакция 20250414145521.0
008 - Елементи от данни с фиксирана дължина
Елементи с фиксирана дължина 180408b bul|||||r ||||||| ||bul||
020 ## - Международен стандартен номер на книга ISBN
ISBN 9786197419498
040 ## - Източник на каталожния запис
Код на библиотеката BLK
041 ## - Код за език
Език Български
Език за КДБФ Български
080 ## - УДК
УДК текст Облекло. Носия. Мода. Накит. Вж и 613.4 ; 646 ; 687
УДК код 391
УДК – определител (46)(092)
УДК – код + определител 391(46)(092)
080 ## - УДК
УДК текст Биографии
УДК код 929
УДК – код + определител 929 Баленсиага, Кристобал
9 (RLIN) 227273
084 ## - Класификационен индекс по друга класификация
Авторски знак Балд - Б 21
100 ## - Редна дума - Автор
Автор Дирикс, Еманюел
R(LIN) 492377
245 10 - Сведения за заглавието
Заглавие Баленсиага
Авторска отговорност Еманюел Дирикс; прев. Весела Ангелова
257 ## - Страна на издаване
Страна на създаване/издаване България
260 ## - Област на издателските данни
Място на издаване София
Име на издателя Hybrid Books
Година на издаване 2024
9 (RLIN) 221582
300 ## - Физическа характеристика
Брой страници 156 с.
Илюстрации със сн.
Размер 18 см
380 ## - Жанр
Жанр Обществени науки
600 #0 - Име на лице, използвано като предмет
За него / За нея Баленсиага, Кристобал
9 (RLIN) 492378
650 #7 - Допълнително описание по предмет – тема
Предметна рубрика Дизайнери
9 (RLIN) 153412
650 #0 - Допълнително описание по предмет – тема
Предметна рубрика Мода - биографии
9 (RLIN) 270609
653 ## - Ключова дума – ненормативна
Ключови думи дизайнери
653 ## - Ключова дума – ненормативна
Ключови думи мода
653 ## - Ключова дума – ненормативна
Ключови думи биографии
700 ## - Други автори (авторска отговорност)
Друг автор Ангелова, Весела Ангелова
9 (RLIN) 377747
856 4# - Електронен адрес и достъп
Електронен формат pdf - файл
856 4# - Електронен адрес и достъп
Електронен формат pdf - файл
942 ## - АРТИКУЛИ
Вид на библиотечния документ Книги
Скрит в OPAC Не
Koha issues (borrowed), all copies 15
944 ## - СЪЗДАВАНЕ И РЕДАКЦИЯ на ЗАПИСА
Дата на регистрацията/редакция Нора Радева
Служител, извършил регистрацията/редакцията 30542
Създаване/Редакция
Номер на служител Русанова Ирена
999 ## - СИСТЕМНИ КОНТРОЛНИ НОМЕРА
Koha biblionumber 509768
Koha biblioitemnumber 509768
999 ## - СИСТЕМНИ КОНТРОЛНИ НОМЕРА
Koha biblioitemnumber 501245
Наличности
Код за отписване Код за изгубен артикул Източник на класификационната схема Код за повреда Код за отдаване Артикулен № Име на библиотеката - собственик Име на библиотеката, в която се намира в момента Статус (Текущо местоположение) Дата на вписване в системата Местоположение - отдел Цена в лева Инвентарен номер Систематично азбучна сигнатура Баркод Цена в евро Служебен тип на артикула
  Не е изгубен Universal Decimal Classification Не е повреден заемане за дома 942681 Регионална библиотека "Любен Каравелов" Русе Регионална библиотека "Любен Каравелов" Русе Заемна - подръчен фонд 2024-04-29 Заемна - подръчен фонд 15.33 120000901701 391/Б 21 К 120000901701 7.84 Книги
Vip Innovations Ltd, Rousse, Bulgaria 2025